000 00362nam a2200133Ia 4500
008 230917s9999||||xx |||||||||||||| ||und||
040 _e96253
_aMAIN
041 _aEnglish
082 _a370 D539C
100 _aDhyan Singh
245 0 _aComparative sutdy of the educational philosophy of Mahatma Gandhi and Rabindra Nath Tagore
300 _a97 p.
942 _cTH
999 _c88305
_d88305